000 00652nam a22001457a 4500
020 _a978-0-669-86566-4
082 _a823
_bKEE/N
100 _aKEENE, CAROLYN
245 _aNANCY DREW - WITHOUT A TRACE
260 _aNEW YORK
_bALADDIN PAPERBACKS
_c2004
300 _a150
520 _aThis book is about a teenage girl who loves solving mysteries. This time she has to solve two at one time. Someone was going around squashing zucchini and a rare collectors egg was stolen. She was just like any other girl… except she has a sixth sense for mysteries and is always willing to help someone in need.
650 _aDETECTIVE
_zUNITED STATES
942 _cBK
999 _c7872
_d7872